000 00571nam a2200193 i 4500
001 86459
003 ES-MaACL
005 20250822162342.0
007 t|
008 041213s1973 sp ||||1| spa d
100 1 _aKantor, Mac Kinlay.
_967501
245 1 0 _aHermoso animal /
_cMac Kinlay Kantor ; [versión de Domingo Manfredi].
250 _a[1ª ed.].
260 _aBarcelona :
_bLuis de Caralt,
_c[1973]
300 _a395 p. ;
_c21 cm.
700 1 _aManfredi Cano, Domingo,
_d1918-1998
_975997
852 _aES-MaACL
_jC-52527
_bR.85576
999 _c86459
_d86459